Dobrovoľnícka alternatívna mena DAM - nový nástroj motivácie k dobrovoľníctvu

Teoretické a praktické predpoklady založenia systému dobrovoľníckej alteratívy meny DAM .

Salvato in:
Dettagli Bibliografici
Autore principale: Korimová, Gabriela
Altri autori: Svoreňová, Katarína
Natura: Capitolo di libro
Lingua:slovacco
Soggetti:
Tags: Aggiungi Tag
Nessun Tag, puoi essere il primo ad aggiungerne!!

MARC

LEADER 00000naa a2200000 4500
001 0201995
005 20231204132308.7
041 0 |a slo 
044 |a SK 
245 1 0 |a Dobrovoľnícka alternatívna mena DAM - nový nástroj motivácie k dobrovoľníctvu  |c Gabriela Korimová, Katarína Svoreňová 
520 |a Teoretické a praktické predpoklady založenia systému dobrovoľníckej alteratívy meny DAM . 
610 2 0 |a dobrovoľníctvo 
610 2 0 |a motivácia 
610 2 0 |a mena 
610 2 0 |a euro 
610 2 0 |a DAM 
100 1 |a Korimová, Gabriela 
700 1 |a Svoreňová, Katarína